| 000 | 00000nam 2200000za 4500 |
| 001 | 9.801098 |
| 003 | CaOODSP |
| 005 | 20221107134732 |
| 007 | cr ||||||||||| |
| 008 | 150602s2015 xxcado||o f|0| 0 eng d |
| 020 | |a978-0-660-02458-5 |
| 040 | |aCaOODSP|beng |
| 043 | |an-cn--- |
| 086 | 1 |aPS18-24/2015E-PDF |
| 245 | 00|aMoving toward a stronger future |h[electronic resource] : |ban Aboriginal resource guide for community development. |
| 260 | |a[Ottawa] : |bPublic Safety Canada, |cc2015. |
| 300 | |aiv, 92 p. : |bphotos, figures, illus., tables. |
| 500 | |aIssued also in French under title: Vers un avenir meilleur : guide de ressources autochtonespour le développement communautaire. |
| 692 | 07|2gccst|aAboriginal peoples. |
| 710 | 1 |aCanada. |bPublic Safety Canada. |
| 775 | 08|tVers un avenir meilleur |w(CaOODSP)9.801099 |
| 856 | 40|qPDF|s2.14 MB|uhttps://publications.gc.ca/collections/collection_2015/sp-ps/PS18-24-2015-eng.pdf |